000 00783nam a2200229 i 4500
001 bg
100 1 _aROTHCHILD, John
245 1 0 _aKsięga bessy /
_cJohn Rothchild ; przekł. [z ang.] Krzysztof Środa.
246 _iTyt. oryg.:
_aThe bear book. Survive and profit in ferocious markets
260 _aWarszawa :
_bWIG-Press,
_c2000.
300 _a315, [1] s. :
_bwykr. ;
_c20 cm.
500 _aTyt. oryg.: "The bear book. Survive and profit in ferocious markets".
650 9 _aGiełda papierów wartościowych
_zStany Zjednoczone
_y20 w.
650 9 _aRynek finansowy
_zStany Zjednoczone
_y20 w.
020 _a8387014400
040 _cBPK
041 1 _apl
_ben
080 _a336.76"19"
920 _a83-87014-40-0
942 _cKS
008 s pl f |000 0 pol
999 _c36737
_d36737
856 _uhttp://koha.tu.koszalin.pl/cgi-bin/koha/opac-detail.pl?biblionumber=36737
_yKatalog online BPK